000 00500nam a2200181Ia 4500
005 20250326130417.0
008 250326s9999 xx 000 0 und d
037 _aTextbook
040 _aFMSL
_beng
_cFMSL
041 _aeng
_2eng
084 _aB28ST L3
_qFMSL
100 _aGuilford J P
245 0 _aFundamantal statistics in psychology & education
_cGuilford J P
260 _aNY
_bNY, McGraw-Hill
_c1973
300 _a546p
942 _cTB
_hB28ST L3
999 _c1282369
_d1282369